ARRUPE JESUIT UNIVERSITY

CORONAVIRUS -STOP THE SPREAD - CLEAN,DISINFECT,COVER

Redemptive change : (Record no. 128575)

MARC details
000 -LEADER
fixed length control field 01283cam a22003014a 4500
001 - CONTROL NUMBER
control field 12713000
003 - CONTROL NUMBER IDENTIFIER
control field ARRUPE
005 - DATE AND TIME OF LATEST TRANSACTION
control field 20181115092930.0
008 - FIXED-LENGTH DATA ELEMENTS--GENERAL INFORMATION
fixed length control field 020321s2002 pau b 001 0 eng
010 ## - LIBRARY OF CONGRESS CONTROL NUMBER
LC control number 2002004369
020 ## - INTERNATIONAL STANDARD BOOK NUMBER
International Standard Book Number 1563383810 (alk. paper)
040 ## - CATALOGING SOURCE
Original cataloging agency DLC
Transcribing agency DLC
Modifying agency DLC
042 ## - AUTHENTICATION CODE
Authentication code pcc
050 00 - LIBRARY OF CONGRESS CALL NUMBER
Classification number BR110
Item number .R46 2002
082 00 - DEWEY DECIMAL CLASSIFICATION NUMBER
Classification number 234/.5
Edition number 21
300 ## - PHYSICAL DESCRIPTION
Dimensions 23 cm.
100 1# - MAIN ENTRY--PERSONAL NAME
Personal name Reno, Russell R.,
Dates associated with a name 1959-
9 (RLIN) 43468
245 10 - TITLE STATEMENT
Title Redemptive change :
Remainder of title atonement and the Christian cure of the soul /
Statement of responsibility, etc R.R. Reno.
260 ## - PUBLICATION, DISTRIBUTION, ETC. (IMPRINT)
Place of publication, distribution, etc Harrisburg, Pa. :
Name of publisher, distributor, etc Trinity Press International,
Date of publication, distribution, etc c2002.
300 ## - PHYSICAL DESCRIPTION
Extent xii, 267 p. ;
440 #0 - SERIES STATEMENT/ADDED ENTRY--TITLE
Title Theology for the twenty-first century
9 (RLIN) 34735
504 ## - BIBLIOGRAPHY, ETC. NOTE
Bibliography, etc Includes bibliographical references (p. 247-252) and index.
650 #0 - SUBJECT ADDED ENTRY--TOPICAL TERM
Topical term or geographic name as entry element Christianity
General subdivision Psychology.
9 (RLIN) 43469
650 #0 - SUBJECT ADDED ENTRY--TOPICAL TERM
Topical term or geographic name as entry element Change (Psychology)
General subdivision Religious aspects
-- Christianity.
9 (RLIN) 43470
650 #0 - SUBJECT ADDED ENTRY--TOPICAL TERM
Topical term or geographic name as entry element Identity (Psychology)
General subdivision Religious aspects
-- Christianity.
9 (RLIN) 43471
650 #0 - SUBJECT ADDED ENTRY--TOPICAL TERM
Topical term or geographic name as entry element Atonement
General subdivision Psychology.
9 (RLIN) 43472
650 #0 - SUBJECT ADDED ENTRY--TOPICAL TERM
Topical term or geographic name as entry element Humanistic psychology.
9 (RLIN) 43473
906 ## - LOCAL DATA ELEMENT F, LDF (RLIN)
a 7
b cbc
c orignew
d 1
e ecip
f 20
g y-gencatlg
942 ## - ADDED ENTRY ELEMENTS (KOHA)
Source of classification or shelving scheme Library of Congress Classification
Koha item type Monograph ( Printed materials)
Holdings
Withdrawn status Lost status Source of classification or shelving scheme Damaged status Not for loan Collection code Home library Current library Shelving location Date acquired Total Checkouts Full call number Barcode Date last seen Price effective from Koha item type
    Library of Congress Classification     Main Collection ARRUPE LIBRARY ARRUPE LIBRARY Main Collection 15/11/2018   BR110 .R46 2002 46600002582 15/11/2018 15/11/2018 Monograph ( Printed materials)

 

Arrupe Library. PO Box MP320 Mt Pleasant, Harare, Zimbabwe
263 242 745411|librarian@aju.ac.zw